| 000 | 00748nam a2200169 i 4500 | ||
|---|---|---|---|
| 001 | 159709 | ||
| 003 | ES-MaACL | ||
| 005 | 20230906211740.0 | ||
| 008 | 011003s1900 fr a |||| | fre d | ||
| 040 |
_aCCPB | B _bspa _cCCPB | B |
||
| 100 | 1 |
_aMinet, Adolphe. _9129945 |
|
| 245 | 1 | 0 |
_aTraité théorique et pratique d'électro-chimie _b: constantes chimiques, mécanique et életriques, systémes électrolytiques, lois générales de l'électrolyse ... / _cpar Adolphe Minet. |
| 260 |
_aParis : _bLibrairie Polytechnique Ch. Béranger, successeur de Baudry et C\pie\s, _c1900 ( _eEvreux : _fImp. de Charles Hérissey) |
||
| 300 |
_aIV, 586 p. : _bil. ; _c25 cm. |
||
| 650 | 0 | 4 |
_aElectroquímica. _912168 |
| 852 |
_aES-MaACL _jF-151 _z-- Enc. tela |
||
| 999 |
_c159709 _d159709 |
||